| 000 | 00537nam a2200193 a 4500 | ||
|---|---|---|---|
| 001 | 3722 | ||
| 003 | CO-ViMGA | ||
| 008 | 141112s2004 ck r 000 u spa d | ||
| 040 |
_aCO-ViMGA _bspa _cCO-ViMGA |
||
| 082 | 0 | 4 | _aR152 D422f |
| 245 | 1 | 0 | _aDiccionario de psicología fisiológica y clínica |
| 260 |
_aBarcelona : _bPaidós, _c1990 |
||
| 300 | _a370 p | ||
| 590 | _aDatos de inventario : 05151 | ||
| 650 | 1 | 4 |
_aPSICOLOGIA _95002 |
| 650 | 1 | 4 |
_aPSICOLOGIA CLINICA _953781 |
| 650 | 1 | 4 |
_aPSICOLOGIA FISIOLOGICA _953782 |
| 942 |
_2ddc _cBK |
||
| 999 |
_c15744 _d15744 |
||